000 00811nam a2200301Ia 4500
001 18351
003 IT-RoPAU
008 130308s9999 xx 000 0 und d
040 _aIT-RoPAU
040 _cIT-RoPAU
041 _aFRANCESE
100 _aDanon-Boileau Laurent
100 _gCodice Aut. SPICS: 12733
245 _a"Sur la ""logique"" du texte de loi"
245 _bArgumentation et Discours Scientifique
250 _a1a ed.
260 _aPARIS
260 _bDidier/Larousse
260 _c1976 [1° Ed.:1976 - Ed.Ling.Originale:1976]
300 _a"4 p. (prefazione: no ; testo: 4 [pagine: 111-114])"
500 _aSulla Logica del testo di Legge
650 _aLINGUISTICA
650 _eCodice materia Spics: 3201
942 _cBK
957 _71
999 _c39578
_d39578
999 _bSI
999 _g1